Escudos Futebol Brasileiro - Série A - Statistics

Estatísticas Gerais
  • Esse quiz foi jogado 719 vezes
  • A pontuação média é 9 de 12
Estatísticas das Respostas
Imagem Resposta % Correto
Palmeiras
100%
Botafogo
75%
Flamengo
75%
Fluminense
75%
Santos
75%
Atlético
74%
Fortaleza
74%
Coritiba
71%
Cuiabá
71%
Juventude
71%
Athletico
60%
Corinthias
42%
Nenhum quiz correspondente encontrado
Distribuição das Pontuações
Porcentagem de Pessoas com Cada Pontuação
Percentil de Números Respondidos
Sua Pontuação Histórica
Você não jogou esse quiz